书目信息 |
| 题名: |
凤冠霞帔
|
|
| 作者: | 肖东发 主编 ;钟双德 编著 | |
| 分册: | ||
| 出版信息: | 北京 现代出版社 2015 |
|
| 页数: | 164页 | |
| 开本: | 24cm | |
| 丛书名: | 中华精神家园 | |
| 单 册: | ||
| 中图分类: | K892.23 | |
| 科图分类: | ||
| 主题词: | 服饰文化--介绍--中国--古代 | |
| 电子资源: | ||
| ISBN: | 978-7-5143-3046-5 | |
| 000 | 00819oam2 2200265 450 | |
| 001 | 2349969335 | |
| 005 | 20231128223302.81 | |
| 010 | @a978-7-5143-3046-5@dCNY29.80 | |
| 100 | @a20151101d2015 em y0chiy50 ea | |
| 101 | 0 | @achi |
| 102 | @aCN@b110000 | |
| 105 | @aa z 000yy | |
| 200 | 1 | @a凤冠霞帔@Afeng guan xia pei@e佩饰艺术与文化内涵@f肖东发主编@g钟双德编著 |
| 210 | @a北京@c现代出版社@d2015 | |
| 215 | @a164页@c图@d24cm | |
| 225 | 2 | @a中华精神家园@i衣食天下 |
| 410 | 0 | @12001 @a中华精神家园 |
| 410 | 0 | @12001 @a衣食天下 |
| 517 | 1 | @a佩饰艺术与文化内涵@9pei shi yi shu yu wen hua nei han |
| 606 | 0 | @a服饰文化@x介绍@y中国@z古代 |
| 690 | @aK892.23@v5 | |
| 701 | 0 | @a肖东发@Axiao dong fa@4主编 |
| 702 | 0 | @a钟双德@Azhong shuang de@4编著 |
| 801 | 0 | @aCN@b91MARC@c20151101 |
| 905 | @aZUCC@dK892.23@e10 | |
| 凤冠霞帔:佩饰艺术与文化内涵/肖东发主编/钟双德编著.-北京:现代出版社,2015 |
| 164页:图;24cm.-(中华精神家园.衣食天下) |
| ISBN 978-7-5143-3046-5:CNY29.80 |
| ● |
| 相关链接 |
|
|
|
正题名:凤冠霞帔
索取号:K892.23/10
 
预约/预借
| 序号 | 登录号 | 条形码 | 馆藏地/架位号 | 状态 | 备注 |
| 1 | 2000995181 | 2000995181 | 第四书库/四30架A面5层2列/ [索取号:K892.23/10] | 在馆 | |
| 2 | 2000995182 | 2000995182 | 第四书库/四30架A面5层2列/ [索取号:K892.23/10] | 在馆 | |
| 3 | 2000995183 | 2000995183 | 第四书库/四30架A面5层2列/ [索取号:K892.23/10] | 在馆 | |
| 4 | 2000995184 | 2000995184 | 第四书库/四30架A面5层2列/ [索取号:K892.23/10] | 在馆 | |
| 5 | 2000995185 | 2000995185 | 第四书库/四30架A面5层2列/ [索取号:K892.23/10] | 在馆 | |
| 6 | 2000995186 | 2000995186 | 第四书库/四30架A面5层2列/ [索取号:K892.23/10] | 在馆 |